| 000 | 00728cam a22002173a 4500 | ||
|---|---|---|---|
| 001 | 44742 | ||
| 003 | PGUSA | ||
| 005 | 20140828084024.0 | ||
| 008 | 140123s2014||||xxu|||||s|||||000 | eng d | ||
| 040 |
_aPGUSA _beng |
||
| 042 | _adc | ||
| 100 | 1 |
_aJerrold, Blanchard, _d1826-1884 |
|
| 245 | 1 | 4 |
_aThe Life Of George Cruikshank, Vol. II. (of II) : _bThe Life Of George Cruikshank In Two Epochs, With Numerous Illustrations _h[electronic resource] / _cBlanchard Jerrold |
| 260 |
_bProject Gutenberg, _c2014 |
||
| 506 | _aPublic domain in the USA. | ||
| 516 | _aElectronic text | ||
| 700 | 1 |
_aCruikshank, George, _d1792-1878 |
|
| 830 | 0 |
_aProject Gutenberg _v44742 |
|
| 856 | 4 | 0 | _uhttp://www.gutenberg.org/ebooks/44742 |
| 942 | _cEB | ||
| 999 |
_c273993 _d273993 |
||